00535 2200217 4500001002100000008004100021035002000062245005000082100001600132250002000148260003400168300002000202020001800222084001500240082001000255650001600265990000900281990000900290990000900299990000900308INLIS000000000002256 ind  a0010-0425002256 ajaka TingkirbSeri Cerita RakyatcM. Rantissi aM. Rantissi aCetakan pertama aJakarta :bBintang Indonesia, a24 hlm.c19 cm. a602-218-409-6 a398.2 M. j a398.2 aM. Rantissi a5965 a5966 a5967 a5968